000
00231nam a2200097Ia 4500
008
190216s9999||||xx |||||||||||||| ||und||
100
_a
Balakrishnan
245
0
_a
Vasthuvidya Oru Mughavura
260
_b
Bhasha Institute
942
_c
BK
999
_c
40432
_d
40432